Vykonávanie zmlúv o ochrane a podpore investícií v Slovenskej republike

Kolízia záväzkov medzinárodného zmluvného práva a práva Európskej únie. Identifikácia konkrétnych problémov. Sekundárny právny rámec týkajúci sa investičných dohôd. Investičné spory.

Salvato in:
Dettagli Bibliografici
Autore principale: Nováčková, Daniela
Natura: Capitolo di libro
Lingua:slovacco
Soggetti:
Tags: Aggiungi Tag
Nessun Tag, puoi essere il primo ad aggiungerne!!

MARC

LEADER 00000naa a2200000 4500
001 0173333
005 20231011110757.3
041 0 |a slo 
044 |a SK 
245 1 0 |a Vykonávanie zmlúv o ochrane a podpore investícií v Slovenskej republike  |c Daniela Nováčková 
520 |a Kolízia záväzkov medzinárodného zmluvného práva a práva Európskej únie. Identifikácia konkrétnych problémov. Sekundárny právny rámec týkajúci sa investičných dohôd. Investičné spory. 
610 2 0 |a právo medzinárodné 
610 2 0 |a ochrana investícií 
610 2 0 |a Európska únia 
610 2 0 |a dohody medzinárodné 
100 1 |a Nováčková, Daniela